000 00350nam a2200133Ia 4500
005 20260328101442.0
008 260328s9999||||xx |||||||||||||| ||und||
100 _aSalvadori, Mario
245 0 _aEstructuras para Arquitectos /
_cMario Salvadori
260 _bEdiciones La Isla
300 _a374 p.
650 _aINGENIERIA DE ESTRUCTURA
942 _cBK
999 _c8319
_d8319